000 00801cam a22002531 4500
001 sa 64000928
003 DLC
005 20260227111959.0
008 770209s1961 pk a 000 0 eng
010 _asa 64000928
035 _a(OCoLC)2727726
040 _aDLC
_cViU
_dDLC
042 _apremarc
050 0 0 _aKNS40.P64
_bA36 1961
100 2 _aAhmad Khan, Muin-ud-din,
_eed.
245 1 0 _aSelections from Bengal government records on Wahhabi trials (1863-1870)
250 _a[1st ed.]
260 _aDacca,
_c1961.
300 _axviii, 429 p.
_billus., tables.
_c24 cm.
410 2 0 _aAsiatic Society of Pakistan.
_tPublication,
_vno. 8
500 _aStamped on t. p.: Tippera Book Depot, Dacca.
650 0 _aTrials (Political crimes and offenses)
_zIndia
_zBengal.
650 0 _aWahhābīyah.
999 _c56490
_d56490